10 größte Fußball Stadien in Baden-Württemberg - Statistiken

Allgemein
  • Dieses Quiz wurde 69 mal gespielt
  • Das Durchschnittsergebnis liegt bei 6 aus 10
Antwortstatistiken
Kapazität Verein Stadion % Korrekt
34.700 SC Freiburg Europa-Park Stadion
80%
60.058 VfB Stuttgart MHP Arena
78%
24.000 SC Freiburg II Dreisamstadion
70%
34.302 Karlsruher SC BBBank Wildpark
69%
19.500 SSV Ulm 1846 Fußball Donaustadion
66%
30.150 TSG 1899 Hoffenheim PreZero Arena
61%
15.000 FC Heidenheim Voith-Arena
52%
24.302 Waldhof Mannheim Carl-Benz-Stadion
45%
15.228 SSV Reutlingen Stadion an der Kreuzeiche
41%
15.414 SV Sandhausen Hardtwaldstadion
28%
Keine übereinstimmenden Quizze gefunden
Verteilung der Resultate
Anzahl Personen mit jedem Resultat
Perzentil nach korrekt beantworteten Fragen
Ihre Resultats-Entwicklung
Sie haben dieses Quiz noch nicht gespielt